[Event "Olimpiada Dresden 2008 Femenina"]
[Site "Dresden GER"]
[Date "2008.11.17"]
[Round "5.1"]
[White "Tan, Zhongyi"]
[Black "Przezdziecka, Marta"]
[Result "1-0"]
[WhiteElo "2395"]
[BlackElo "2327"]
[PlyCount "89"]
[EventDate "2008.11.13"]
[EventType "team-tourn"]
[EventRounds "11"]
[EventCountry "GER"]
[Source "lmi"]
[SourceDate "2008.11.13"]
[WhiteTeam "China"]
[BlackTeam "Polonia"]
[WhiteTeamCountry "CHN"]
[BlackTeamCountry "POL"]

1. e4 e5 2. Nf3 Nf6 3. Nxe5 d6 4. Nf3 Nxe4 5. d4 d5 6. Bd3 Nc6 7. O-O Be7 8. c4
Nb4 9. Be2 O-O 10. Nc3 Bf5 11. a3 Nxc3 12. bxc3 Nc6 13. Re1 Re8 14. cxd5 Qxd5
15. Bf4 Rac8 16. h3 h6 17. g4 Bg6 18. Bf1 Bf6 19. Rxe8+ Rxe8 20. Bxc7 Rc8 21.
Bg3 Na5 22. Ne5 Rxc3 23. Rc1 Rxc1 24. Qxc1 Qxd4 25. Nxg6 fxg6 26. Qe1 Nc6 27.
Qe6+ Kh7 28. Bc4 Ne7 29. h4 a6 30. Bb3 Qc5 31. Kh2 Qc8 32. Qe4 Qc6 33. Qe2 Qb5
34. Qe6 Qc6 35. Qf7 Qc8 36. Be6 Qg8 37. Qxg8+ Nxg8 38. Bc8 Be7 39. Bxb7 Bxa3
40. Bxa6 Nf6 41. f3 g5 42. h5 Kg8 43. Kg2 Kf7 44. Kf1 g6 45. hxg6+ 1-0

[Event "Olimpiada Dresden 2008 Femenina"]
[Site "Dresden GER"]
[Date "2008.11.17"]
[Round "5.2"]
[White "Botsari, Anna-Maria"]
[Black "Kachiani-Gersinska, Ketino"]
[Result "0-1"]
[WhiteElo "2308"]
[BlackElo "2371"]
[PlyCount "58"]
[EventDate "2008.11.13"]
[EventType "team-tourn"]
[EventRounds "11"]
[EventCountry "GER"]
[Source "lmi"]
[SourceDate "2008.11.13"]
[WhiteTeam "Grecia"]
[BlackTeam "Alemania"]
[WhiteTeamCountry "GRE"]
[BlackTeamCountry "GER"]

1. e4 c6 2. d4 d5 3. Nc3 dxe4 4. Nxe4 Bf5 5. Ng3 Bg6 6. h4 h6 7. Nf3 Nd7 8. h5
Bh7 9. Bd3 Bxd3 10. Qxd3 e6 11. Bd2 Ngf6 12. O-O-O Be7 13. Qe2 c5 14. Rhe1 O-O
15. Nf5 cxd4 16. Nxe7+ Qxe7 17. Nxd4 Rfd8 18. g4 Nc5 19. Bf4 Nd5 20. Be5 Nd7
21. Bh2 Rac8 22. Kb1 N7b6 23. Ka1 Na4 24. Nb5 Nxb2 25. Kxb2 Qb4+ 26. Ka1 Nc3
27. Nxc3 Qxc3+ 28. Kb1 Qb4+ 29. Ka1 Qc3+ 0-1

[Event "Olimpiada Dresden 2008 Femenina"]
[Site "Dresden GER"]
[Date "2008.11.17"]
[Round "5.2"]
[White "Michna, Marta"]
[Black "Makropoulou, Marina"]
[Result "1-0"]
[WhiteElo "2399"]
[BlackElo "2265"]
[PlyCount "73"]
[EventDate "2008.11.13"]
[EventType "team-tourn"]
[EventRounds "11"]
[EventCountry "GER"]
[Source "lmi"]
[SourceDate "2008.11.13"]
[WhiteTeam "Alemania"]
[BlackTeam "Grecia"]
[WhiteTeamCountry "GER"]
[BlackTeamCountry "GRE"]

1. d4 Nf6 2. c4 g6 3. Nf3 Bg7 4. g3 O-O 5. Bg2 c5 6. d5 e6 7. Nc3 exd5 8. cxd5
d6 9. O-O Re8 10. Bf4 Na6 11. Re1 Bg4 12. h3 Bxf3 13. Bxf3 Qd7 14. Kg2 c4 15.
Qa4 Qxa4 16. Nxa4 Ne4 17. Bxe4 Rxe4 18. Nc3 Ree8 19. Rac1 Be5 20. Nb5 Bxb2 21.
Rxc4 Be5 22. Bg5 Rac8 23. Rec1 Nc5 24. f4 a6 25. fxe5 axb5 26. Rxc5 dxc5 27. d6
Rf8 28. Kf3 f6 29. Bxf6 Kf7 30. d7 Rcd8 31. Bxd8 Rxd8 32. Rxc5 Rxd7 33. Rxb5
Ke6 34. Kf4 Rd4+ 35. e4 Rd7 36. Rb6+ Ke7 37. h4 1-0

[Event "Olimpiada Dresden 2008 Femenina"]
[Site "Dresden GER"]
[Date "2008.11.17"]
[Round "5.2"]
[White "Fakhiridou, Ekaterini"]
[Black "Ohme, Melanie"]
[Result "1-0"]
[WhiteElo "2248"]
[BlackElo "2237"]
[PlyCount "79"]
[EventDate "2008.11.13"]
[EventType "team-tourn"]
[EventRounds "11"]
[EventCountry "GER"]
[Source "lmi"]
[SourceDate "2008.11.13"]
[WhiteTeam "Grecia"]
[BlackTeam "Alemania"]
[WhiteTeamCountry "GRE"]
[BlackTeamCountry "GER"]

1. d4 d6 2. Nf3 Bg4 3. Nbd2 Nd7 4. h3 Bh5 5. e4 e6 6. Bd3 Be7 7. O-O Ngf6 8.
Re1 O-O 9. c3 c5 10. b3 cxd4 11. cxd4 Bg6 12. Qe2 d5 13. e5 Ne8 14. Bb2 Rc8 15.
Rac1 Nc7 16. g3 Nb8 17. Bxg6 fxg6 18. Kg2 Qd7 19. h4 Qb5 20. Qxb5 Nxb5 21. a4
Nc7 22. Nb1 Nc6 23. Ba3 Nb4 24. Re3 Nca6 25. Rxc8 Rxc8 26. Rc3 Re8 27. Kf1 h6
28. Ke2 Kf7 29. Ne1 g5 30. hxg5 hxg5 31. Nc2 Na2 32. Rf3+ Kg8 33. Bxe7 Rxe7 34.
Kd2 Rc7 35. Nba3 g4 36. Rd3 Rf7 37. Ke1 Rc7 38. Kd2 Rf7 39. Ke1 Rc7 40. Kd2 1-0

[Event "Olimpiada Dresden 2008 Femenina"]
[Site "Dresden GER"]
[Date "2008.11.17"]
[Round "5.3"]
[White "Kosteniuk, Alexandra"]
[Black "Chiburdanidze, Maia"]
[Result "0-1"]
[WhiteElo "2525"]
[BlackElo "2489"]
[PlyCount "254"]
[EventDate "2008.11.13"]
[EventType "team-tourn"]
[EventRounds "11"]
[EventCountry "GER"]
[Source "lmi"]
[SourceDate "2008.11.13"]
[WhiteTeam "Rusia"]
[BlackTeam "Georgia"]
[WhiteTeamCountry "RUS"]
[BlackTeamCountry "GEO"]

1. e4 c5 2. Nf3 e6 3. d4 cxd4 4. Nxd4 a6 5. Bd3 Bc5 6. Nb3 Be7 7. Qg4 Bf6 8.
Qg3 Nc6 9. Nc3 Nge7 10. O-O O-O 11. Bg5 Bxg5 12. Qxg5 d6 13. f4 b5 14. f5 Ne5
15. Rad1 Qb6+ 16. Kh1 f6 17. Qg3 Kh8 18. fxe6 Bxe6 19. Be2 b4 20. Nd4 Bd7 21.
Nd5 Nxd5 22. exd5 Rac8 23. a3 a5 24. axb4 Qxb4 25. b3 Rc3 26. Qf4 Rfc8 27. Rd2
a4 28. bxa4 Bxa4 29. Qf5 Bd7 30. Ne6 Qb2 31. Bd3 Nxd3 32. Rxd3 Qxc2 33. Rxc3
Qxc3 34. Qg4 Rg8 35. Ng5 Be8 36. Ne4 Qc4 37. Qf5 Qa6 38. Qf4 Bf7 39. Nxd6 Bxd5
40. Nf5 Qe2 41. Rf2 Qd1+ 42. Rf1 Qd3 43. Kg1 Be6 44. h3 Qd7 45. Kh2 Rd8 46. Rf2
Kg8 47. Rf3 Kh8 48. Rf2 Qf7 49. Rf3 Qa7 50. Rf1 Qb8 51. Qxb8 Rxb8 52. Nd4 Bd5
53. Rf2 h6 54. Re2 Rb6 55. Nf5 Be6 56. Nd4 Bd7 57. g4 Rb4 58. Rd2 Kh7 59. Nc2
Rb7 60. Ne3 Be6 61. Rd6 Bf7 62. Rd3 h5 63. Kg3 Bg6 64. Rc3 Rb1 65. Kh4 Rb4 66.
Kg3 Re4 67. Ra3 Kh6 68. Rc3 Bh7 69. Ra3 Bg6 70. Rc3 Re5 71. Ng2 Be4 72. Ne3 Kg5
73. h4+ Kg6 74. gxh5+ Rxh5 75. Rc7 Ra5 76. Rc4 Re5 77. Ng4 Re7 78. Rc5 Kh7 79.
h5 Rf7 80. Kf4 Bd3 81. Nf2 Be2 82. Ne4 Ra7 83. Rc6 Rf7 84. Ng3 Bb5 85. Rb6 Ba4
86. Ra6 Bb3 87. Rb6 Ba2 88. Ra6 Bc4 89. Rc6 Bd5 90. Rd6 Bg2 91. Rd2 Bb7 92. Rc2
Re7 93. Rc4 Bd5 94. Rc5 Rd7 95. Rb5 Bc4 96. Rc5 Rd4+ 97. Ke3 Rd3+ 98. Kf4 Bd5
99. Nf5 Be6 100. Ng3 Rd4+ 101. Ke3 Rg4 102. Kf3 Ra4 103. Ke3 Kh6 104. Kf3 Rh4
105. Rc7 Rb4 106. Rc5 Ra4 107. Rb5 Rh4 108. Rb8 Kh7 109. Rb5 Kh6 110. Rb8 Bg4+
111. Ke3 Rh3 112. Kf2 Rh2+ 113. Kg1 Ra2 114. Rh8+ Kg5 115. h6 gxh6 116. Ne4+
Kf5 117. Nxf6 Kxf6 118. Rxh6+ Kg5 119. Rh2 Ra1+ 120. Kf2 Kf4 121. Rh8 Ra2+ 122.
Ke1 Re2+ 123. Kf1 Kg3 124. Rd8 Re3 125. Rg8 Re7 126. Rg5 Rh7 127. Ke1 Rd7 0-1

[Event "Olimpiada Dresden 2008 Femenina"]
[Site "Dresden GER"]
[Date "2008.11.17"]
[Round "5.3"]
[White "Javakhishvili, Lela"]
[Black "Kosintseva, Tatiana"]
[Result "1/2-1/2"]
[WhiteElo "2473"]
[BlackElo "2513"]
[PlyCount "105"]
[EventDate "2008.11.13"]
[EventType "team-tourn"]
[EventRounds "11"]
[EventCountry "GER"]
[Source "lmi"]
[SourceDate "2008.11.13"]
[WhiteTeam "Georgia"]
[BlackTeam "Rusia"]
[WhiteTeamCountry "GEO"]
[BlackTeamCountry "RUS"]

1. e4 e5 2. Nf3 Nf6 3. d4 exd4 4. e5 Ne4 5. Qxd4 d5 6. exd6 Nxd6 7. Nc3 Nc6 8.
Qf4 Nf5 9. Bb5 Bd6 10. Qe4+ Nfe7 11. Bg5 Bf5 12. Qxf5 Nxf5 13. Bxd8 Kxd8 14.
O-O-O Re8 15. Ng5 f6 16. Nge4 Kc8 17. g3 Be5 18. Rhe1 Bxc3 19. bxc3 Re5 20. Bf1
Nd6 21. Nxd6+ cxd6 22. Rxe5 Nxe5 23. Rxd6 Kc7 24. Re6 Rd8 25. f4 Nc6 26. Bd3 h6
27. Kb2 Rd6 28. Re8 Rd8 29. Re1 Rd7 30. c4 b6 31. Kc3 Kd6 32. Bf5 Re7 33. Rd1+
Kc7 34. Rd5 Re3+ 35. Kd2 Re7 36. c5 Na5 37. cxb6+ axb6 38. Rd4 Kc6 39. Be4+ Kc5
40. Kc3 b5 41. Rd5+ Kb6 42. Bd3 Rc7+ 43. Kd4 Nc6+ 44. Ke4 Re7+ 45. Kf5 b4 46.
Kg6 Kc7 47. g4 Nd8 48. Bf5 Nb7 49. Rd4 Nd6 50. h4 h5 51. Kxh5 Nxf5 52. gxf5 Re2
53. Kg6 1/2-1/2

[Event "Olimpiada Dresden 2008 Femenina"]
[Site "Dresden GER"]
[Date "2008.11.17"]
[Round "5.3"]
[White "Kosintseva, Nadezhda"]
[Black "Lomineishvili, Maia"]
[Result "1/2-1/2"]
[WhiteElo "2468"]
[BlackElo "2437"]
[PlyCount "136"]
[EventDate "2008.11.13"]
[EventType "team-tourn"]
[EventRounds "11"]
[EventCountry "GER"]
[Source "lmi"]
[SourceDate "2008.11.13"]
[WhiteTeam "Rusia"]
[BlackTeam "Georgia"]
[WhiteTeamCountry "RUS"]
[BlackTeamCountry "GEO"]

1. e4 e5 2. Nf3 Nc6 3. Bb5 Nf6 4. O-O Bc5 5. Nxe5 Nxe4 6. Qe2 Nxe5 7. Qxe4 Qe7
8. Nc3 Ng6 9. Qxe7+ Kxe7 10. Re1+ Kd8 11. Ne4 Be7 12. Bc4 Rf8 13. d4 d6 14. Bd2
Be6 15. Bd3 d5 16. Ng3 Bd6 17. Nf5 Bxf5 18. Bxf5 Ne7 19. Bh3 f5 20. b3 Kd7 21.
g3 a5 22. a4 c6 23. Re2 g6 24. Rae1 Ng8 25. c4 dxc4 26. bxc4 Bb4 27. Rb1 Bxd2
28. Rxd2 Kc7 29. d5 Rfd8 30. Bg2 Rab8 31. Re2 Re8 32. Reb2 Ne7 33. Rd2 Red8 34.
Re2 Nc8 35. Re6 c5 36. Bf1 Nd6 37. Re7+ Rd7 38. Rbe1 Ra8 39. R7e6 Ra6 40. Rb1
Rb6 41. Rxb6 Kxb6 42. Bd3 Kc7 43. h4 Rf7 44. Kg2 Nc8 45. h5 gxh5 46. Rh6 Nb6
47. Rxh5 Nxa4 48. Bxf5 Nb2 49. Be6 Rg7 50. f4 a4 51. f5 Nd3 52. Rh1 Re7 53. f6
Re8 54. Rxh7+ Kd6 55. Rd7+ Ke5 56. f7 Rf8 57. Rxb7 a3 58. Ra7 Nb2 59. Rxa3 Nxc4
60. Rf3 Kd6 61. g4 Ne5 62. Re3 c4 63. g5 Ng6 64. Kg3 Kc5 65. Rf3 Kd4 66. Rf6 c3
67. Bf5 Ne7 68. g6 Kxd5 1/2-1/2

[Event "Olimpiada Dresden 2008 Femenina"]
[Site "Dresden GER"]
[Date "2008.11.17"]
[Round "5.3"]
[White "Khukhashvili, Sopiko"]
[Black "Pogonina, Natalija"]
[Result "0-1"]
[WhiteElo "2409"]
[BlackElo "2474"]
[PlyCount "74"]
[EventDate "2008.11.13"]
[EventType "team-tourn"]
[EventRounds "11"]
[EventCountry "GER"]
[Source "lmi"]
[SourceDate "2008.11.13"]
[WhiteTeam "Georgia"]
[BlackTeam "Rusia"]
[WhiteTeamCountry "GEO"]
[BlackTeamCountry "RUS"]

1. e4 e5 2. Nf3 Nc6 3. Bb5 Nf6 4. O-O Nxe4 5. d4 Nd6 6. Bxc6 dxc6 7. dxe5 Nf5
8. Qxd8+ Kxd8 9. Nc3 Ke8 10. h3 h6 11. Bf4 Bb4 12. Ne4 Be6 13. c3 Be7 14. g4
Nh4 15. Nxh4 Bxh4 16. Bg3 Bd5 17. Bxh4 Bxe4 18. f3 Bd5 19. b3 g5 20. Be1 Rd8
21. Rd1 c5 22. c4 Bc6 23. Rxd8+ Kxd8 24. f4 Ke7 25. Bf2 b6 26. Be3 gxf4 27.
Rxf4 h5 28. Rf6 Bd7 29. Bg5 Ke8 30. Rf2 Rg8 31. Bf6 hxg4 32. h4 g3 33. Rf3 Rg4
34. Rd3 Rd4 35. Rxg3 Rg4 36. Kf2 Rxg3 37. Kxg3 Bf5 0-1

[Event "Olimpiada Dresden 2008 Femenina"]
[Site "Dresden GER"]
[Date "2008.11.17"]
[Round "5.4"]
[White "Vajda, Szidonia"]
[Black "Mohota, Nisha"]
[Result "1-0"]
[WhiteElo "2380"]
[BlackElo "2311"]
[PlyCount "147"]
[EventDate "2008.11.13"]
[EventType "team-tourn"]
[EventRounds "11"]
[EventCountry "GER"]
[Source "lmi"]
[SourceDate "2008.11.13"]
[WhiteTeam "Hungría"]
[BlackTeam "India"]
[WhiteTeamCountry "HUN"]
[BlackTeamCountry "IND"]

1. e4 e5 2. Nf3 Nc6 3. Bb5 a6 4. Ba4 Nf6 5. O-O Be7 6. Re1 b5 7. Bb3 d6 8. c3
O-O 9. h3 Na5 10. Bc2 c5 11. d4 Qc7 12. Nbd2 cxd4 13. cxd4 Bd7 14. Nf1 Rac8 15.
Ne3 Nc6 16. d5 Nb4 17. Bb1 a5 18. a3 Na6 19. b4 g6 20. Bd2 Nh5 21. Bd3 Qb7 22.
Ng4 axb4 23. axb4 f6 24. g3 Kh8 25. Kh2 Ra8 26. Nh6 Nc7 27. Rc1 Ra3 28. Bb1 Bd8
29. Nh4 Ng7 30. Ng2 Nce8 31. f4 exf4 32. Nxf4 Bb6 33. Bc3 Qa7 34. Qd2 Nc7 35.
Nd3 Nge8 36. Bb2 Rb3 37. Bc2 Rxb2 38. Nxb2 Bd4 39. Nd3 Qa2 40. Nf2 Qb2 41. Nd1
Qa3 42. Rb1 Qa7 43. Ne3 Ng7 44. Rbd1 Bb6 45. Nhg4 Qa8 46. Rf1 Qd8 47. Qc3 Nh5
48. Rf3 Qe7 49. Rdf1 Kg7 50. e5 dxe5 51. Nxe5 Be8 52. Nc6 Qd6 53. Bb3 Bd7 54.
Na5 Na6 55. Nc6 Rc8 56. Nc2 Bxc6 57. dxc6 Rxc6 58. Qd3 f5 59. Rd1 Qf6 60. Qd7+
Kh6 61. Qd2+ Qg5 62. Qxg5+ Kxg5 63. Rfd3 Bc7 64. Nd4 Rf6 65. Ne6+ Rxe6 66. Bxe6
Nxb4 67. Rb3 Na6 68. Rd5 b4 69. Kg2 Nf6 70. Rb5 Ne4 71. Bc8 Nec5 72. Rb1 Bd8
73. Ra1 Bf6 74. Rxa6 1-0

[Event "Olimpiada Dresden 2008 Femenina"]
[Site "Dresden GER"]
[Date "2008.11.17"]
[Round "5.4"]
[White "Swathi, Ghate"]
[Black "Madl, Ildiko"]
[Result "1/2-1/2"]
[WhiteElo "2320"]
[BlackElo "2376"]
[PlyCount "47"]
[EventDate "2008.11.13"]
[EventType "team-tourn"]
[EventRounds "11"]
[EventCountry "GER"]
[Source "lmi"]
[SourceDate "2008.11.13"]
[WhiteTeam "India"]
[BlackTeam "Hungría"]
[WhiteTeamCountry "IND"]
[BlackTeamCountry "HUN"]

1. e4 c5 2. Nf3 g6 3. d4 cxd4 4. Qxd4 Nf6 5. e5 Nc6 6. Qa4 Nd5 7. Qe4 Nc7 8.
Nc3 Bg7 9. Bf4 b5 10. O-O-O b4 11. Nd5 Nxd5 12. Qxd5 Qb6 13. h4 h6 14. Bc4 e6
15. Qd2 a5 16. Rhe1 a4 17. Re4 Ra5 18. Kb1 Ne7 19. Rd4 Qc7 20. Qe2 Rc5 21. Bb5
Qa5 22. Bc4 Qc7 23. Bb5 Qa5 24. Bc4 1/2-1/2

[Event "Olimpiada Dresden 2008 Femenina"]
[Site "Dresden GER"]
[Date "2008.11.17"]
[Round "5.4"]
[White "Schneider, Veronika"]
[Black "Gomes, Mary Ann"]
[Result "1/2-1/2"]
[WhiteElo "2315"]
[BlackElo "2298"]
[PlyCount "97"]
[EventDate "2008.11.13"]
[EventType "team-tourn"]
[EventRounds "11"]
[EventCountry "GER"]
[Source "lmi"]
[SourceDate "2008.11.13"]
[WhiteTeam "Hungría"]
[BlackTeam "India"]
[WhiteTeamCountry "HUN"]
[BlackTeamCountry "IND"]

1. e4 e5 2. Nf3 Nc6 3. Bc4 Nf6 4. d3 Be7 5. Bb3 O-O 6. Nbd2 d6 7. c3 Na5 8. Bc2
c5 9. Nf1 Nc6 10. h3 d5 11. Qe2 d4 12. g4 b5 13. Ng3 Nd7 14. a4 dxc3 15. axb5
Nd4 16. Nxd4 cxb2 17. Bxb2 cxd4 18. O-O Rb8 19. Rxa7 g6 20. Bc1 Bc5 21. Ra1 Qh4
22. Kg2 Rxb5 23. Ba4 Rb6 24. Bd2 Nf6 25. Rfc1 Bb4 26. Bxb4 Rxb4 27. Qd2 Rb7 28.
Rc5 h5 29. Rh1 Re7 30. Qh6 Nh7 31. Ne2 Re6 32. f3 Ba6 33. Qd2 Kg7 34. Ng3 Ng5
35. f4 exf4 36. Qxf4 f6 37. Bb3 Rfe8 38. Qf2 Bxd3 39. Bxe6 Nxe6 40. Nxh5+ Qxh5
41. Rxh5 Bxe4+ 42. Kh2 gxh5 43. Rf1 Rf8 44. Qe2 Ng5 45. h4 d3 46. Qe3 hxg4 47.
Kg3 Nf3 48. Qxe4 Nd2 49. Qxg4+ 1/2-1/2

[Event "Olimpiada Dresden 2008 Femenina"]
[Site "Dresden GER"]
[Date "2008.11.17"]
[Round "5.5"]
[White "Cosma, Elena Luminita"]
[Black "Vega Gutierrez, Sabrina"]
[Result "1-0"]
[WhiteElo "2340"]
[BlackElo "2278"]
[PlyCount "66"]
[EventDate "2008.11.13"]
[EventType "team-tourn"]
[EventRounds "11"]
[EventCountry "GER"]
[Source "lmi"]
[SourceDate "2008.11.13"]
[WhiteTeam "ROU"]
[BlackTeam "España"]
[BlackTeamCountry "ESP"]

1. e4 Nf6 2. e5 Nd5 3. d4 d6 4. Nf3 dxe5 5. Nxe5 c6 6. Nd2 g6 7. Bc4 Bg7 8.
Ndf3 O-O 9. c3 Nd7 10. Nd3 a5 11. a4 b6 12. O-O Bb7 13. Re1 e6 14. Bg5 Qc8 15.
Rc1 c5 16. Bb5 h6 17. Bh4 Bc6 18. Nde5 Bxb5 19. axb5 cxd4 20. Nxd7 Qxd7 21.
Nxd4 Nc7 22. Nc6 Qxd1 23. Rcxd1 Nxb5 24. Bd8 Re8 25. c4 Na7 26. Nxa7 Rexd8 27.
Rxd8+ Rxd8 28. b3 Rd2 29. Nc6 Rb2 30. c5 Rxb3 31. cxb6 Rxb6 32. Nxa5 Bc3 33.
Nc4 Rb4 1-0

[Event "Olimpiada Dresden 2008 Femenina"]
[Site "Dresden GER"]
[Date "2008.11.17"]
[Round "5.5"]
[White "Delgado Crespo, Mairelys"]
[Black "Paulet, Iozefina"]
[Result "1/2-1/2"]
[WhiteElo "2277"]
[BlackElo "2307"]
[PlyCount "109"]
[EventDate "2008.11.13"]
[EventType "team-tourn"]
[EventRounds "11"]
[EventCountry "GER"]
[Source "lmi"]
[SourceDate "2008.11.13"]
[WhiteTeam "España"]
[BlackTeam "ROU"]
[WhiteTeamCountry "ESP"]

1. e4 c5 2. c3 Nf6 3. e5 Nd5 4. Nf3 Nc6 5. Bc4 Nb6 6. Bb3 c4 7. Bc2 Qc7 8. Qe2
g5 9. e6 dxe6 10. Nxg5 Qe5 11. d4 cxd3 12. Bxd3 Qxe2+ 13. Bxe2 h6 14. Ne4 e5
15. Ng3 Be6 16. Nd2 O-O-O 17. O-O Nd5 18. Nc4 Rg8 19. Kh1 Nf4 20. Bxf4 exf4 21.
Nh5 Bxc4 22. Bxc4 Ne5 23. Be2 Rd2 24. Nxf4 Rxb2 25. Rfb1 Rxb1+ 26. Rxb1 e6 27.
g3 Bd6 28. Kg2 Kc7 29. Nh5 Be7 30. f4 Nd7 31. f5 exf5 32. Rf1 Nf6 33. Nxf6 Bxf6
34. Rxf5 Be7 35. Rxf7 Kd6 36. Rh7 Rg6 37. Bd3 Re6 38. h4 a5 39. Bf5 Re2+ 40.
Kf3 Rxa2 41. Rxh6+ Kc5 42. Re6 Bd6 43. h5 Rh2 44. h6 a4 45. h7 a3 46. Re2 Rh1
47. Re8 a2 48. Ra8 Be5 49. Rxa2 Bxc3 50. Rc2 Kb4 51. Rxc3 Kxc3 52. g4 Kd4 53.
Kg2 Rh4 54. Kg3 Rh1 55. g5 1/2-1/2

[Event "Olimpiada Dresden 2008 Femenina"]
[Site "Dresden GER"]
[Date "2008.11.17"]
[Round "5.5"]
[White "Motoc, Alina"]
[Black "Llaneza Vega, Patricia"]
[Result "1-0"]
[WhiteElo "2313"]
[BlackElo "2246"]
[PlyCount "84"]
[EventDate "2008.11.13"]
[EventType "team-tourn"]
[EventRounds "11"]
[EventCountry "GER"]
[Source "lmi"]
[SourceDate "2008.11.13"]
[WhiteTeam "ROU"]
[BlackTeam "España"]
[BlackTeamCountry "ESP"]

1. d4 Nf6 2. c4 g6 3. Nf3 Bg7 4. g3 O-O 5. Bg2 d6 6. O-O Nbd7 7. Nc3 e5 8. b3
Re8 9. e3 c6 10. a4 exd4 11. exd4 d5 12. cxd5 Nxd5 13. Nxd5 cxd5 14. Bg5 Nf6
15. Ne5 h6 16. Be3 Be6 17. Qd3 Rc8 18. Rfc1 Re7 19. Rxc8 Qxc8 20. Rc1 Rc7 21.
Qd1 Bf5 22. Nd3 Ne4 23. Rxc7 Qxc7 24. Nf4 Qc6 25. Ne2 Bg4 26. f3 Nc3 27. Nxc3
Qxc3 28. fxg4 Qxe3+ 29. Kh1 Qe6 30. Bf3 b6 31. Kg2 Bf6 32. Qd3 Kg7 33. Qb5 Bxd4
34. Qxd5 Qf6 35. Qe4 Bc5 36. Qe2 Qd4 37. Bb7 g5 38. Bf3 Kf8 39. Kh3 a5 40. Kg2
Qg1+ 41. Kh3 Qd4 42. Kg2 Qg1+ 1-0

[Event "Olimpiada Dresden 2008 Femenina"]
[Site "Dresden GER"]
[Date "2008.11.17"]
[Round "5.6"]
[White "Mamedjarova, Turkan"]
[Black "Maric, Alisa"]
[Result "1/2-1/2"]
[WhiteElo "2269"]
[BlackElo "2405"]
[PlyCount "95"]
[EventDate "2008.11.13"]
[EventType "team-tourn"]
[EventRounds "11"]
[EventCountry "GER"]
[Source "lmi"]
[SourceDate "2008.11.13"]
[WhiteTeam "Azerbaiyán"]
[BlackTeam "SRB"]
[WhiteTeamCountry "AZE"]

1. d4 d5 2. c4 c6 3. Nf3 Nf6 4. e3 Bf5 5. Nc3 e6 6. Nh4 Bg6 7. Nxg6 hxg6 8. g3
Nbd7 9. Bd2 Bd6 10. b3 e5 11. cxd5 exd4 12. exd4 Qe7+ 13. Be2 Nxd5 14. Nxd5
cxd5 15. O-O O-O 16. Bf3 Nf6 17. Re1 Qd7 18. Bg5 Rfe8 19. Qd3 Bc7 20. Rac1
Rxe1+ 21. Rxe1 Re8 22. Rxe8+ Nxe8 23. Kg2 Bb6 24. a4 a5 25. Qb5 Qxb5 26. axb5
Bxd4 27. Bxd5 b6 28. Kf3 Nd6 29. Bc6 Kf8 30. h4 f6 31. Bc1 Ke7 32. g4 Ke6 33.
Ke2 Bc5 34. Bb2 Ke7 35. Bc3 Ke6 36. f3 Ke7 37. Bd2 Ke6 38. Be1 Ke7 39. Kd3 Ke6
40. f4 Bg1 41. Bc3 Bf2 42. Ke2 Bc5 43. Bb2 Ke7 44. Kd3 Ke6 45. Bd4 Bxd4 46.
Kxd4 Nc8 47. Be8 g5 48. fxg5 1/2-1/2

[Event "Olimpiada Dresden 2008 Femenina"]
[Site "Dresden GER"]
[Date "2008.11.17"]
[Round "5.6"]
[White "Bojkovic, Natasa"]
[Black "Umudova, Nargiz"]
[Result "1/2-1/2"]
[WhiteElo "2420"]
[BlackElo "2219"]
[PlyCount "86"]
[EventDate "2008.11.13"]
[EventType "team-tourn"]
[EventRounds "11"]
[EventCountry "GER"]
[Source "lmi"]
[SourceDate "2008.11.13"]
[WhiteTeam "SRB"]
[BlackTeam "Azerbaiyán"]
[BlackTeamCountry "AZE"]

1. e4 e5 2. Nf3 Nc6 3. Bc4 Bc5 4. c3 Nf6 5. d3 O-O 6. O-O d5 7. exd5 Nxd5 8. h3
Nb6 9. Bb5 Bd6 10. Re1 Ne7 11. d4 exd4 12. Nxd4 Ng6 13. Nd2 c5 14. N4f3 Bf5 15.
Nc4 Nxc4 16. Bxc4 Qd7 17. a4 h6 18. Be3 Rad8 19. Bf1 Qc6 20. Nd2 Ne5 21. Qb3
Bb8 22. Qb5 Qc8 23. Qxc5 Qxc5 24. Bxc5 Rxd2 25. Bxf8 Kxf8 26. Rad1 Rxd1 27.
Rxd1 Bc7 28. Be2 Bc2 29. Rd4 Bb6 30. Rd5 Nc6 31. Rd7 Bxa4 32. Rxb7 Nd8 33. Rb8
Ke7 34. Bf3 Bb3 35. Kf1 Kd6 36. Ke1 Kc7 37. Ra8 g6 38. h4 Kd7 39. h5 gxh5 40.
Be4 Ba4 41. g3 Bc6 42. Bf5+ Kd6 43. Rb8 Bb7 1/2-1/2

[Event "Olimpiada Dresden 2008 Femenina"]
[Site "Dresden GER"]
[Date "2008.11.17"]
[Round "5.6"]
[White "Isgandarova, Khayala"]
[Black "Stojanovic, Andjelija"]
[Result "1/2-1/2"]
[WhiteElo "2206"]
[BlackElo "2357"]
[PlyCount "67"]
[EventDate "2008.11.13"]
[EventType "team-tourn"]
[EventRounds "11"]
[EventCountry "GER"]
[Source "lmi"]
[SourceDate "2008.11.13"]
[WhiteTeam "Azerbaiyán"]
[BlackTeam "SRB"]
[WhiteTeamCountry "AZE"]

1. e4 c5 2. Nf3 e6 3. d4 cxd4 4. Nxd4 Nf6 5. Nc3 d6 6. g4 e5 7. Nf5 h5 8. Bg5
hxg4 9. Nd5 Bxf5 10. Bxf6 gxf6 11. exf5 Nc6 12. c3 Bh6 13. h4 Kf8 14. Rg1 Ne7
15. Rxg4 Nxf5 16. Qf3 Ng7 17. Nxf6 Ne8 18. Nxe8 Kxe8 19. Bc4 Qe7 20. Ke2 Rc8
21. Rag1 Rc6 22. Rg8+ Rxg8 23. Rxg8+ Kd7 24. Bb5 Qe6 25. Qg4 d5 26. Bxc6+ bxc6
27. Qxe6+ Kxe6 28. Rc8 Kd6 29. Ra8 Bc1 30. h5 Bxb2 31. Kd2 d4 32. h6 Bxc3+ 33.
Kc2 Kd5 34. h7 1/2-1/2

[Event "Olimpiada Dresden 2008 Femenina"]
[Site "Dresden GER"]
[Date "2008.11.17"]
[Round "5.6"]
[White "Chelushkina, Irina"]
[Black "Kazimova, Narmin Nizami qizi"]
[Result "1/2-1/2"]
[WhiteElo "2360"]
[BlackElo "2171"]
[PlyCount "94"]
[EventDate "2008.11.13"]
[EventType "team-tourn"]
[EventRounds "11"]
[EventCountry "GER"]
[Source "lmi"]
[SourceDate "2008.11.13"]
[WhiteTeam "SRB"]
[BlackTeam "Azerbaiyán"]
[BlackTeamCountry "AZE"]

1. d4 Nf6 2. Nf3 g6 3. c4 Bg7 4. Nc3 d5 5. Bf4 O-O 6. e3 c5 7. dxc5 Qa5 8. Rc1
dxc4 9. Bxc4 Qxc5 10. Bb3 Qa5 11. O-O Na6 12. h3 Nc5 13. Bc4 Be6 14. Qe2 Rac8
15. Bxe6 Nxe6 16. Be5 Rfd8 17. Qb5 Qxb5 18. Nxb5 Ne4 19. Bxg7 Kxg7 20. Nfd4
Nxd4 21. Nxd4 e5 22. Nb3 b6 23. Rxc8 Rxc8 24. Rc1 Rxc1+ 25. Nxc1 Nd2 26. b3 e4
27. Ne2 Kf6 28. Nd4 a5 29. f4 exf3 30. gxf3 Nb1 31. Kf2 Nc3 32. a4 Ke5 33. Nc2
f5 34. Ke1 Nd5 35. Kd2 g5 36. Kd3 Nb4+ 37. Nxb4 axb4 38. Ke2 h5 39. Kf2 Kf6 40.
Kg3 Kg6 41. Kf2 Kf6 42. Kg2 Ke5 43. Kf2 Kd5 44. Kg3 Ke5 45. Kf2 Kf6 46. Kg2 Kg7
47. Kg3 Kf7 1/2-1/2